Normal view
MARC view
- Guan, Qi.
Entry Personal Name
001 - CONTROL NUMBER
- control field: 55594
003 - CONTROL NUMBER IDENTIFIER
- control field: OSt
005 - DATE AND TIME OF LATEST TRANSACTION
- control field: 20240401093640.0
008 - FIXED-LENGTH DATA ELEMENTS
- fixed length control field: 240401|| aca||aabn | a|a d
040 ## - CATALOGING SOURCE
- Original cataloging agency: OSt
- Transcribing agency: OSt
100 ## - HEADING--PERSONAL NAME
- Personal name: Guan, Qi.
- Relator term: author.
670 ## - SOURCE DATA FOUND
- Source citation: Work cat.: (OSt): Wang, Jingfang. author. 55590, A 24-pulse rectifier with a passive auxiliary current injection circuit at DC side /, September 2022.
